My life

The former president looks back on his life and career, discussing his youth and education, his early public service, his years as governor of Arkansas, and his accomplishments during two terms in the White House.

Đã lưu trong:
Bibliografiske detaljer
Hovedforfatter: Clinton, Bill
Format: Bog
Sprog:Undetermined
Udgivet: New York Random House Audio 2004
Fag:
Tags: Tilføj Tag
Ingen Tags, Vær først til at tagge denne postø!
Thư viện lưu trữ: Trung tâm Học liệu Trường Đại học Cần Thơ
LEADER 00755nam a2200205Ia 4500
001 CTU_187743
008 210402s9999 xx 000 0 und d
082 |a 428.24 
082 |b C641/Cas.2 
100 |a Clinton, Bill 
245 0 |a My life 
245 0 |c Bill Clinton 
260 |a New York 
260 |b Random House Audio 
260 |c 2004 
520 |a The former president looks back on his life and career, discussing his youth and education, his early public service, his years as governor of Arkansas, and his accomplishments during two terms in the White House. 
650 |a English language,Ngôn ngữ Anh 
650 |x Study and teaching,Học và dạy 
904 |i Giang 
980 |a Trung tâm Học liệu Trường Đại học Cần Thơ